[Event "Frankfurt Ch 2011"]
[Site "Ffm-Kalbach, LAZ"]
[Date "2011.05.09"]
[Round "2.54"]
[White "Bock, Mario"]
[Black "Ostermeier, Thorsten"]
[Result "1/2-1/2"]
[WhiteElo "1551"]
[BlackElo "1936"]
[PlyCount "33"]
[EventDate "2011.??.??"]
[WhiteTeam "Sfr. Frankfurt 1921"]
[BlackTeam "Sfr. Frankfurt 1921"]

1. e4 c5 2. Nf3 a6 3. d4 cxd4 4. Nxd4 Nf6 5. Nc3 e5 6. Nf3 Bb4 7. Bd3 d5 8. Nd2
Be6 9. exd5 Bxd5 10. Nxd5 Qxd5 11. O-O O-O 12. Qe2 Nc6 13. c3 Bc5 14. Ne4 Nxe4
15. Bxe4 Qe6 16. Bc2 Kh8 17. Be3 1/2-1/2

[Event "Frankfurt Ch 2011"]
[Site "Ffm-Kalbach, LAZ"]
[Date "2011.05.09"]
[Round "2.55"]
[White "Rauscher, Joachim"]
[Black "Kuhn, Luis"]
[Result "0-1"]
[WhiteElo "1525"]
[BlackElo "1786"]
[PlyCount "104"]
[EventDate "2011.??.??"]
[WhiteTeam "SC Brett vor'm Kopp Ffm"]
[BlackTeam "SV 1929 Raunheim"]

1. e4 e5 2. Nf3 Nc6 3. Bb5 a6 4. Bxc6 dxc6 5. O-O Qf6 6. d3 Bg4 7. Nbd2 Bc5 8.
Re1 Ne7 9. h3 h5 10. Nb3 Bb6 11. Be3 Bxf3 12. Qxf3 Qxf3 13. gxf3 O-O-O 14. Kh2
f6 15. Rg1 g6 16. Nd2 Bd4 17. Bxd4 Rxd4 18. Nb3 Rd6 19. Rae1 b6 20. Nd2 g5 21.
Nc4 Rdd8 22. Ne3 h4 23. Ng4 Rhf8 24. Rd1 c5 25. a3 Rd6 26. Ne3 Rfd8 27. Nc4 Rd4
28. Ne3 Kb7 29. Ng4 R8d6 30. Ne3 b5 31. Rge1 Kc6 32. Kg1 a5 33. Kf1 Rd8 34. Ng4
R4d6 35. Ke2 Ng6 36. Rh1 c4 37. Kd2 cxd3 38. cxd3 Rxd3+ 39. Kc2 Rxd1 40. Rxd1
Rxd1 41. Kxd1 Nf4 42. Nxf6 Nxh3 43. Ke1 Ng1 44. Ng4 Nxf3+ 45. Ke2 Nd4+ 46. Kf1
Kd6 47. Kg2 c5 48. Ne3 c4 49. Kh3 Kc5 50. Kg4 b4 51. Kxg5 h3 52. Ng4 bxa3 0-1

[Event "Frankfurt Ch 2011"]
[Site "Ffm-Kalbach, LAZ"]
[Date "2011.05.09"]
[Round "2.56"]
[White "Mager, Denis"]
[Black "Richter, Wolfram"]
[Result "1-0"]
[WhiteElo "1732"]
[BlackElo "1544"]
[PlyCount "71"]
[EventDate "2011.??.??"]
[WhiteTeam "TuS Makkabi Ffm"]
[BlackTeam "SK Bad Sooden-Allendorf"]

1. d4 Nf6 2. c4 g6 3. Nc3 d5 4. cxd5 Nxd5 5. e4 Nxc3 6. bxc3 c5 7. Nf3 Bg7 8.
Be3 Nc6 9. Bc4 Qa5 10. Qd2 Bg4 11. Bd5 Rd8 12. Rd1 O-O 13. O-O Rd7 14. Qb2 Rfd8
15. Rd3 e6 16. Bxc6 bxc6 17. Rfd1 cxd4 18. cxd4 Qh5 19. Qe2 Rb7 20. h3 Bxf3 21.
Qxf3 Qa5 22. a3 Rb2 23. d5 cxd5 24. exd5 exd5 25. Rxd5 Rxd5 26. Rxd5 Rb1+ 27.
Kh2 Be5+ 28. g3 Qe1 29. Qg2 Bf6 30. Bxa7 h5 31. h4 Kg7 32. Be3 Ra1 33. Bc5 Qb1
34. Rd7 Qa2 35. Qa8 Qe6 36. Qf8+ 1-0

[Event "Frankfurt Ch 2011"]
[Site "Ffm-Kalbach, LAZ"]
[Date "2011.05.09"]
[Round "2.57"]
[White "Popp, Matthias"]
[Black "Frank, Andreas"]
[Result "1/2-1/2"]
[WhiteElo "1522"]
[BlackElo "1833"]
[PlyCount "120"]
[EventDate "2011.??.??"]
[WhiteTeam "SC Bergen-Enkheim 1922"]
[BlackTeam "Biebertaler SF"]

1. d4 g6 2. Nf3 Bg7 3. Bf4 d6 4. e3 Nd7 5. Nbd2 a6 6. Bc4 e6 7. Bg5 Ne7 8. h4
h6 9. Bf4 b5 10. Bd3 Bb7 11. c3 e5 12. Bh2 f5 13. Bc2 c5 14. O-O O-O 15. Bg3
Kh8 16. Qe2 Qc7 17. Rac1 Rae8 18. a4 Bc6 19. b3 Nd5 20. dxe5 dxe5 21. axb5 Nxc3
22. Qc4 Nxb5 23. b4 Bxf3 24. Nxf3 Rc8 25. bxc5 Qxc5 26. Qe6 Qd6 27. Bb3 Nc5 28.
Qxd6 Nxd6 29. Bd5 f4 30. exf4 exf4 31. Bh2 Rf5 32. Ba2 Rff8 33. Rfd1 Nde4 34.
Rd5 Bf6 35. Bxf4 Bb2 36. Be5+ Bxe5 37. Rxe5 Kg7 38. Re7+ Kf6 39. Ra7 Rb8 40.
Bd5 Rb6 41. Ra1 Nd6 42. Rc7 Nde4 43. Rc6+ Rxc6 44. Bxc6 Kf5 45. Ra5 Rf6 46.
Bxe4+ Kxe4 47. Rxc5 Rb6 48. Ne5 Re6 49. Nc6 Rd6 50. g3 Kf3 51. Rc2 Rd1+ 52. Kh2
Ra1 53. Ne5+ Ke4 54. Nxg6 a5 55. Nf4 a4 56. Ne2 Kd3 57. Rc1 Rxc1 58. Nxc1+ Kc2
59. Na2 Kb3 60. f4 Kxa2 1/2-1/2

[Event "Frankfurt Ch 2011"]
[Site "Ffm-Kalbach, LAZ"]
[Date "2011.05.09"]
[Round "2.58"]
[White "Neumann, Manfred"]
[Black "Knott, Tilo"]
[Result "1/2-1/2"]
[WhiteElo "1768"]
[BlackElo "1523"]
[PlyCount "104"]
[EventDate "2011.??.??"]
[WhiteTeam "SC 1961 König Nied"]
[BlackTeam "SC Brett vor'm Kopp Ffm"]

1. e4 b6 2. d4 Bb7 3. Bd3 Nf6 4. Qe2 e6 5. Nf3 Be7 6. O-O d6 7. e5 Nfd7 8. a3
c5 9. dxc5 Nxc5 10. Bb5+ Nc6 11. b4 Nd7 12. Rd1 Qc7 13. exd6 Bxd6 14. Bb2 O-O-O
15. Nbd2 Nce5 16. Ba6 Kb8 17. Bxb7 Kxb7 18. c4 Ng6 19. Rac1 Be5 20. Nxe5 Ndxe5
21. Nf3 Rxd1+ 22. Rxd1 Nxc4 23. Qe4+ Kb8 24. Bxg7 Rg8 25. Bf6 Nd6 26. Qd4 Rc8
27. g3 Nb5 28. Qd3 Nc3 29. Re1 Nd5 30. Bg5 Qc3 31. Rd1 f6 32. Bh6 Qxd3 33. Rxd3
Rc3 34. Rxc3 Nxc3 35. Bg7 Nd5 36. Kf1 Kc7 37. Ke2 Kd6 38. Kd3 e5 39. Nd2 b5 40.
Ne4+ Ke6 41. Bh6 Nge7 42. Bc1 Nc6 43. Bb2 h5 44. f3 Nc7 45. g4 hxg4 46. fxg4 f5
47. Nc5+ Kf6 48. gxf5 Kxf5 49. Ke3 Nd5+ 50. Kf3 Nf6 51. h4 e4+ 52. Ke2 Ne5
1/2-1/2

[Event "Frankfurt Ch 2011"]
[Site "Ffm-Kalbach, LAZ"]
[Date "2011.05.09"]
[Round "2.59"]
[White "Heun, Andreas"]
[Black "Genis, Roy"]
[Result "0-1"]
[WhiteElo "1509"]
[BlackElo "1935"]
[PlyCount "50"]
[EventDate "2011.??.??"]
[WhiteTeam "SC Ladja Roßdorf"]
[BlackTeam "Sfr. Frankfurt 1921"]

1. e4 e5 2. f4 d5 3. exd5 e4 4. Nc3 Nf6 5. Bc4 Bc5 6. d4 exd3 7. Qxd3 O-O 8.
Nf3 Re8+ 9. Ne5 Ng4 10. Ne4 Bf5 11. d6 Nxe5 12. fxe5 Qh4+ 13. g3 Qxe4+ 14. Qxe4
Bxe4 15. Rf1 Bg6 16. Bf4 cxd6 17. O-O-O dxe5 18. Rfe1 Nc6 19. Rd5 exf4 20.
Rxe8+ Rxe8 21. Rxc5 f3 22. Kd2 f2 23. h4 h5 24. Rg5 Ne5 25. Bb5 Nf3+ 0-1

[Event "Frankfurt Ch 2011"]
[Site "Ffm-Kalbach, LAZ"]
[Date "2011.05.09"]
[Round "2.60"]
[White "Nagel, Norbert"]
[Black "Bergmann, Michael"]
[Result "1-0"]
[WhiteElo "1758"]
[BlackElo "1511"]
[PlyCount "113"]
[EventDate "2011.??.??"]
[WhiteTeam "SC Bad Nauheim"]
[BlackTeam "vereinslos"]

1. c4 Nf6 2. Nf3 e6 3. g3 d5 4. b3 c5 5. Bg2 Nc6 6. O-O g6 7. Bb2 Bg7 8. d3 O-O
9. Nbd2 Re8 10. Ne5 Nxe5 11. Bxe5 Ng4 12. Bxg7 Kxg7 13. e4 Nf6 14. e5 Nd7 15.
f4 Nb8 16. Nf3 Nc6 17. Rc1 b6 18. d4 dxc4 19. dxc5 Bb7 20. bxc4 bxc5 21. Qxd8
Raxd8 22. Rfd1 Nb4 23. a3 Bxf3 24. Bxf3 Rxd1+ 25. Bxd1 Na6 26. Rb1 Rb8 27. Rxb8
Nxb8 28. Ba4 Kf8 29. Kf2 Ke7 30. Ke3 Na6 31. g4 Nc7 32. h4 f5 33. exf6+ Kxf6
34. Ke4 Na8 35. g5+ Ke7 36. Ke5 Nb6 37. Bb5 Nc8 38. Ba6 Nd6 39. a4 Nf5 40. Bc8
Nd4 41. Bb7 a5 42. Be4 Ne2 43. h5 gxh5 44. Bxh7 Nd4 45. Be4 h4 46. Bg2 Nf5 47.
Bh3 Ng7 48. Ke4 Kd6 49. Kf3 Ke7 50. Kg4 Nf5 51. Kh5 Ne3 52. Kh6 Nf5+ 53. Kh5
Ne3 54. Kxh4 Nxc4 55. Bf1 Nd6 56. Kh5 Nf5 57. Bd3 1-0

[Event "Frankfurt Ch 2011"]
[Site "Ffm-Kalbach, LAZ"]
[Date "2011.05.09"]
[Round "2.61"]
[White "Rondorf, Jochen"]
[Black "Kraus, Eduard"]
[Result "0-1"]
[WhiteElo "1499"]
[BlackElo "1893"]
[PlyCount "97"]
[EventDate "2011.??.??"]
[WhiteTeam "SG Niederkassel"]
[BlackTeam "SV Bergwinkel"]

1. c4 c6 2. d4 d5 3. Nc3 Nf6 4. Bg5 e6 5. Nf3 Be7 6. e3 O-O 7. Bd3 dxc4 8. Bxc4
b5 9. Bd3 Nbd7 10. O-O Bb7 11. a3 a6 12. Re1 c5 13. Bxf6 Nxf6 14. dxc5 Bxc5 15.
Be2 Qb6 16. b4 Bxe3 17. Rf1 Ng4 18. Qe1 Rac8 19. Nd1 Bf4 20. h3 Ne5 21. Nxe5
Bxe5 22. Rb1 Bf6 23. Ne3 Rfd8 24. Rc1 Bd4 25. Qd2 Bxe3 26. Qxe3 Qxe3 27. fxe3
Kf8 28. Kf2 Ke7 29. Rfd1 Rxd1 30. Rxd1 Rc2 31. g3 Bd5 32. Ke1 Ra2 33. Rc1 Rxa3
34. Rc7+ Kf6 35. Ra7 Ra1+ 36. Kd2 Ra2+ 37. Ke1 Ra1+ 38. Kd2 Ra4 39. Kc3 Ra3+
40. Kd2 h6 41. Bxb5 Ra2+ 42. Ke1 axb5 43. Ra5 Bc4 44. Kd1 Rxa5 45. bxa5 b4 46.
Kc2 Ke5 47. a6 Bxa6 48. Kb3 Ke4 49. Kxb4 0-1

[Event "Frankfurt Ch 2011"]
[Site "Ffm-Kalbach, LAZ"]
[Date "2011.05.09"]
[Round "2.62"]
[White "Klein, Markus"]
[Black "Kraus, Roman"]
[Result "1/2-1/2"]
[WhiteElo "1874"]
[BlackElo "1504"]
[PlyCount "122"]
[EventDate "2011.??.??"]
[WhiteTeam "SC 1979 Hattersheim"]
[BlackTeam "SV Bergwinkel"]

1. d4 d5 2. c4 c6 3. Nf3 Nf6 4. Nc3 dxc4 5. a4 a5 6. e3 Na6 7. Bxc4 e6 8. O-O
Nb4 9. e4 Qc7 10. Qe2 Be7 11. Rd1 O-O 12. Bg5 Rd8 13. h3 b6 14. Rac1 Ba6 15.
Ne5 c5 16. Bxa6 Rxd4 17. Bf4 Nxa6 18. Rxd4 cxd4 19. Nd5 Qb7 20. Nxe7+ Qxe7 21.
Nc6 Qb7 22. f3 Nc5 23. Nxd4 Nxa4 24. Rc7 Qb8 25. Nc6 Qf8 26. Qb5 Qc5+ 27. Qxc5
Nxc5 28. Be3 Ne8 29. Ra7 Rxa7 30. Nxa7 Kf8 31. Nc6 a4 32. Kf1 Nd6 33. Ke2 Ke8
34. Bxc5 bxc5 35. Kd3 f6 36. Na5 Kd7 37. h4 h5 38. g3 g5 39. Kc3 g4 40. fxg4
Nxe4+ 41. Kc4 hxg4 42. h5 f5 43. h6 Nf6 44. Kxc5 f4 45. gxf4 g3 46. Nc4 g2 47.
Ne5+ Ke7 48. Nf3 Nh7 49. Kd4 Kf6 50. Ke3 Kf5 51. Nh4+ Kg4 52. Nxg2 Nf6 53. Ne1
Nd5+ 54. Kd4 Nxf4 55. Ke5 Kg5 56. h7 Ng6+ 57. Kxe6 Kh6 58. h8=Q+ Nxh8 59. Nd3
Ng6 60. Nc5 Nf4+ 61. Ke5 Kg5 1/2-1/2

[Event "Frankfurt Ch 2011"]
[Site "Ffm-Kalbach, LAZ"]
[Date "2011.05.09"]
[Round "2.63"]
[White "Larem, Peter"]
[Black "Lewien, Frank"]
[Result "1-0"]
[WhiteElo "1919"]
[BlackElo "1499"]
[PlyCount "56"]
[EventDate "2011.??.??"]
[WhiteTeam "SG Rödermark/Eppertshausen"]
[BlackTeam "SV Lahn Limburg"]

1. e4 c6 2. d4 d5 3. Nc3 dxe4 4. Nxe4 Bf5 5. Ng3 Bg6 6. h4 h6 7. h5 Bh7 8. Nf3
Nd7 9. Bd3 Bxd3 10. Qxd3 e6 11. Bf4 Qa5+ 12. c3 Ngf6 13. Ne5 Nxe5 14. Bxe5 Be7
15. O-O Rd8 16. b4 Qxe5 17. dxe5 Rxd3 18. exf6 Bxf6 19. Ne4 Bxc3 20. Rab1 Ke7
21. Rb3 Rd5 22. Rxc3 Rxh5 23. Rd1 Rh4 24. f3 Rh5 25. Nc5 Rb8 26. Rd7+ Ke8 27.
Rxb7 Rxb7 28. Nxb7 Rb5 1-0

[Event "Frankfurt Ch 2011"]
[Site "Ffm-Kalbach, LAZ"]
[Date "2011.05.09"]
[Round "2.64"]
[White "Muthig, Holger"]
[Black "Rehn, Hans Peter"]
[Result "1-0"]
[WhiteElo "1496"]
[BlackElo "1921"]
[PlyCount "73"]
[EventDate "2011.??.??"]
[WhiteTeam "vereinslos"]
[BlackTeam "SK Gründau"]

1. d4 Nf6 2. c4 d6 3. Nc3 Nbd7 4. g3 c6 5. Bg2 e5 6. d5 c5 7. Qc2 Be7 8. Nf3
O-O 9. O-O Nh5 10. e4 g6 11. Nd2 Ng7 12. b3 f5 13. Bb2 a6 14. f4 Bf6 15. exf5
Nxf5 16. Nce4 Bg7 17. Rae1 exf4 18. Bxg7 Nxg7 19. gxf4 Nf6 20. Ng5 Bf5 21. Qc3
Ng4 22. Ne6 Qf6 23. Qc1 Nxe6 24. dxe6 Qd4+ 25. Kh1 Nf2+ 26. Rxf2 Qxf2 27. e7
Rfe8 28. Bd5+ Kg7 29. Qc3+ Kh6 30. Nf3 Bg4 31. Ng5 Rxe7 32. Rg1 Re2 33. Nf7+
Kh5 34. Qg3 Qxg3 35. hxg3 Rae8 36. Nxd6 Rxa2 37. Nxe8 1-0

[Event "Frankfurt Ch 2011"]
[Site "Ffm-Kalbach, LAZ"]
[Date "2011.05.09"]
[Round "2.65"]
[White "Plattner, Rolf"]
[Black "Kirschner, Matthias"]
[Result "1-0"]
[WhiteElo "1919"]
[BlackElo "1703"]
[PlyCount "57"]
[EventDate "2011.??.??"]
[WhiteTeam "SK Langen"]
[BlackTeam "SV 1997 Nauheim"]

1. e4 d6 2. d4 Nf6 3. Nc3 e5 4. Nf3 Nbd7 5. Bg5 Be7 6. Qd2 O-O 7. O-O-O a6 8.
h3 b5 9. Qe3 Bb7 10. dxe5 dxe5 11. Bxf6 Bxf6 12. g4 Qc8 13. g5 Be7 14. h4 f6
15. Bh3 Bc6 16. gxf6 Bxf6 17. Rhg1 Qe8 18. Ng5 Bxg5 19. Qxg5 g6 20. h5 Kg7 21.
h6+ Kh8 22. Bxd7 Bxd7 23. Nd5 Rxf2 24. Nf6 Qf7 25. Nxd7 Kg8 26. Nxe5 Qxa2 27.
Rd8+ Rxd8 28. Qxd8+ Rf8 29. Qd5+ 1-0

[Event "Frankfurt Ch 2011"]
[Site "Ffm-Kalbach, LAZ"]
[Date "2011.05.09"]
[Round "2.66"]
[White "Fischer, Lutz"]
[Black "Meiser, Nicolas"]
[Result "0-1"]
[WhiteElo "1492"]
[BlackElo "1725"]
[PlyCount "146"]
[EventDate "2011.??.??"]
[WhiteTeam "Sfr. Frankfurt 1921"]
[BlackTeam "SV Lahn Limburg"]

1. e4 c6 2. d4 d5 3. e5 Bf5 4. Nf3 e6 5. Be2 c5 6. Be3 Qb6 7. Nc3 Nd7 8. Rb1
Rc8 9. O-O Qa5 10. Nh4 Bg6 11. f4 Ne7 12. g4 cxd4 13. Bxd4 Nc6 14. f5 Nxd4 15.
fxg6 Nxe2+ 16. Qxe2 Bc5+ 17. Kh1 hxg6 18. Nf3 Bb4 19. Ng5 Rf8 20. Nh7 d4 21.
Nxf8 dxc3 22. Nxd7 Qd5+ 23. Qf3 Qxd7 24. Rbd1 Qe7 25. bxc3 Rxc3 26. Qe4 a5 27.
Rf3 Rc7 28. Rdf1 Qc5 29. h3 Bc3 30. Qe3 Qxe5 31. Qxe5 Bxe5 32. Re1 Bf6 33. Re2
Be7 34. Kg2 Rc4 35. Rb3 Rc7 36. Rd3 Bc5 37. Kf3 b6 38. c3 Ke7 39. Red2 g5 40.
Rd8 Ba3 41. R8d3 Bc1 42. Rd1 Bf4 43. Rb1 Rc6 44. Ke4 Rc4+ 45. Rd4 Rxc3 46. Rb3
Rc6 47. a4 g6 48. h4 f5+ 49. gxf5 gxf5+ 50. Kf3 Be5 51. Rd2 gxh4 52. Re2 Kf6
53. Rb5 Bc7 54. Rb1 h3 55. Rh1 h2 56. Kg2 Rc4 57. Rhe1 Rc6 58. Rd1 Ke7 59. Red2
Rc4 60. Rd7+ Kf6 61. Rh7 Rg4+ 62. Kh1 Rg1+ 63. Rxg1 hxg1=Q+ 64. Kxg1 Bd6 65.
Kg2 Ke5 66. Kf3 Kd5 67. Rd7 e5 68. Rf7 f4 69. Rh7 Bc5 70. Rd7+ Kc4 71. Rd1 Kb4
72. Ra1 Bd4 73. Ra2 Kb3 0-1

[Event "Frankfurt Ch 2011"]
[Site "Ffm-Kalbach, LAZ"]
[Date "2011.05.09"]
[Round "2.67"]
[White "Budde, Michael"]
[Black "Reitz, Thomas"]
[Result "1-0"]
[WhiteElo "1718"]
[BlackElo "1482"]
[PlyCount "79"]
[EventDate "2011.??.??"]
[WhiteTeam "SC 1979 Hattersheim"]
[BlackTeam "BSSK Frankfurt 1956"]

1. e4 d6 2. d4 g6 3. Nf3 Bg7 4. Bc4 Nf6 5. e5 dxe5 6. Nxe5 O-O 7. O-O Nbd7 8.
f4 Nb6 9. Bb3 Bf5 10. c3 Rc8 11. Nd2 c5 12. Ndf3 cxd4 13. Nxd4 Be4 14. Qe2 Bd5
15. f5 Bxb3 16. axb3 a6 17. fxg6 hxg6 18. Rd1 Qc7 19. Nef3 Ng4 20. Bg5 e5 21.
Nc2 Rfe8 22. h3 e4 23. hxg4 exf3 24. Qxf3 Be5 25. Rd3 Kg7 26. Rad1 Rh8 27. Rf1
Bh2+ 28. Kf2 Qe5 29. Be3 Qe6 30. Nd4 Qf6 31. Nf5+ Kg8 32. Bd4 Be5 33. Bxe5 Qxe5
34. Re1 Qc5+ 35. Nd4 Kg7 36. b4 Qg5 37. Rde3 Nc4 38. Re7 Qh4+ 39. Qg3 Qg5 40.
Ne6+ 1-0

[Event "Frankfurt Ch 2011"]
[Site "Ffm-Kalbach, LAZ"]
[Date "2011.05.09"]
[Round "2.68"]
[White "Lehmann, Gerit"]
[Black "Midanka, Vladimir"]
[Result "1/2-1/2"]
[WhiteElo "1471"]
[BlackElo "1712"]
[PlyCount "69"]
[EventDate "2011.??.??"]
[WhiteTeam "Sfr. Frankfurt 1921"]
[BlackTeam "vereinslos"]

1. d4 Nf6 2. Nf3 g6 3. e3 d6 4. Be2 Bg7 5. b3 O-O 6. O-O Nc6 7. Bb2 Ne4 8. Nfd2
Nf6 9. Nf3 e6 10. Nbd2 b6 11. c3 Bb7 12. Rc1 Ne7 13. Ne1 Nd7 14. Bf3 c6 15. Ba3
Nf6 16. Ne4 Ne8 17. Nd2 Ba6 18. Be2 Bb7 19. Nd3 Rc8 20. Rc2 Qc7 21. f4 Nf5 22.
Kf2 c5 23. e4 Ne7 24. dxc5 dxc5 25. c4 Rd8 26. Bb2 Nd6 27. Bxg7 Kxg7 28. Bf3 f6
29. Kg1 Nf7 30. Qe2 Rd4 31. e5 Rfd8 32. exf6+ Kxf6 33. Bxb7 Qxb7 34. Ne5 Qc7
35. Ne4+ 1/2-1/2

[Event "Frankfurt Ch 2011"]
[Site "Ffm-Kalbach, LAZ"]
[Date "2011.05.09"]
[Round "2.69"]
[White "Jordake, Michael"]
[Black "Weber, Axel"]
[Result "0-1"]
[WhiteElo "1710"]
[BlackElo "1452"]
[PlyCount "112"]
[EventDate "2011.??.??"]
[WhiteTeam "SC Bergen-Enkheim 1922"]
[BlackTeam "Sfr. Frankfurt 1921"]

1. e4 e6 2. Nc3 d5 3. Nf3 Nf6 4. e5 Nfd7 5. d4 a6 6. Bd3 c5 7. dxc5 Nxc5 8. Be2
Nc6 9. Be3 Nd7 10. Bf4 Qc7 11. O-O Be7 12. Re1 O-O 13. Bd3 Nb4 14. Bg3 Nc5 15.
Rc1 Bd7 16. a3 Nbxd3 17. cxd3 Bc6 18. Nd4 Qd8 19. b4 Nd7 20. Nce2 Rc8 21. Nxc6
Rxc6 22. Rxc6 bxc6 23. Nd4 Qb6 24. Nf3 c5 25. Qa4 Qb5 26. Qc2 cxb4 27. Nd4 Qc5
28. Qa4 Nb6 29. Qxb4 Qxb4 30. axb4 Bxb4 31. Rb1 Rc8 32. Bf4 a5 33. Be3 Nd7 34.
f4 Rc3 35. Bd2 Rxd3 36. Bxb4 Rxd4 37. Bxa5 g5 38. Rb7 Nc5 39. Rb8+ Kg7 40. f5
exf5 41. e6 Rd1+ 42. Kf2 Nxe6 43. Bc3+ Kg6 44. Rg8+ Kh6 45. Ke2 Rh1 46. Be5 f4
47. h3 Rc1 48. h4 gxh4 49. Kf3 d4 50. Rg4 d3 51. Rxh4+ Kg5 52. Rxh7 Rf1+ 53.
Ke4 d2 54. Rxf7 Re1+ 55. Kd5 d1=Q+ 56. Kxe6 Qb3+ 0-1

[Event "Frankfurt Ch 2011"]
[Site "Ffm-Kalbach, LAZ"]
[Date "2011.05.09"]
[Round "2.70"]
[White "Honert, Stefan"]
[Black "Arnold, Michael"]
[Result "0-1"]
[WhiteElo "1398"]
[BlackElo "1846"]
[PlyCount "96"]
[EventDate "2011.??.??"]
[WhiteTeam "Sfr. Frankfurt 1921"]
[BlackTeam "SK Langen"]

1. d4 d5 2. c4 e6 3. Nf3 Nf6 4. Nc3 Nbd7 5. Bf4 c6 6. e3 dxc4 7. Bxc4 Nb6 8.
Bb3 Nbd5 9. Bg3 Bb4 10. Bxd5 Nxd5 11. Qb3 Bd6 12. Be5 Bxe5 13. Nxe5 Qb6 14.
Qxb6 axb6 15. a3 f6 16. Nd3 Ke7 17. Ke2 Rd8 18. h3 Nxc3+ 19. bxc3 Rd5 20. Ra2
Rda5 21. Rha1 e5 22. dxe5 fxe5 23. a4 Kd6 24. Nc1 b5 25. axb5 Rxa2+ 26. Rxa2
Rxa2+ 27. Nxa2 Be6 28. Nc1 Bc4+ 29. Kf3 cxb5 30. e4 Kc5 31. Ke3 b4 32. cxb4+
Kxb4 33. Nd3+ Bxd3 34. Kxd3 Kc5 35. Kc3 g5 36. g3 h5 37. f3 b6 38. h4 gxh4 39.
gxh4 b5 40. Kd3 b4 41. Ke3 b3 42. Kd2 Kd4 43. Kc1 Ke3 44. Kb2 Kxf3 45. Kxb3
Kxe4 46. Kc2 Kf3 47. Kd3 e4+ 48. Kd2 Kf2 0-1

[Event "Frankfurt Ch 2011"]
[Site "Ffm-Kalbach, LAZ"]
[Date "2011.05.09"]
[Round "2.71"]
[White "Bastian, Holger"]
[Black "Hartmann, Stephan"]
[Result "1-0"]
[WhiteElo "1689"]
[BlackElo "1441"]
[PlyCount "67"]
[EventDate "2011.??.??"]
[WhiteTeam "Aschaffenburg- Schweinheim e.V."]
[BlackTeam "SG Turm Idstein"]

1. e4 c6 2. d3 d5 3. Nd2 e5 4. Ngf3 Qc7 5. g3 f5 6. Bg2 Nf6 7. Qe2 Bd6 8. O-O
O-O 9. c4 fxe4 10. dxe4 d4 11. c5 Be7 12. Qc4+ Kh8 13. Ng5 h6 14. Nf7+ Kh7 15.
Nf3 Nbd7 16. b4 b6 17. Ba3 b5 18. Qb3 Kg6 19. Nh4+ Kh7 20. f4 Ng4 21. Nf5 Bf6
22. Bc1 Ne3 23. Bxe3 dxe3 24. Rae1 exf4 25. gxf4 Kg6 26. N7d6 a5 27. a3 axb4
28. axb4 Ra4 29. Rxe3 Qa7 30. e5 Nxe5 31. fxe5 Bg5 32. Be4 Bxf5 33. Nxf5 Kh5
34. Rh3+ 1-0

[Event "Frankfurt Ch 2011"]
[Site "Ffm-Kalbach, LAZ"]
[Date "2011.05.09"]
[Round "2.72"]
[White "Gläser, Michael"]
[Black "Reichel, Rolf"]
[Result "0-1"]
[WhiteElo "1151"]
[BlackElo "1991"]
[PlyCount "144"]
[EventDate "2011.??.??"]
[WhiteTeam "TSG Nieder-Erlenbach 1888"]
[BlackTeam "Niederräder TG"]

1. e4 c5 2. Nf3 Nc6 3. c3 d5 4. e5 e6 5. d4 Qc7 6. Be3 c4 7. a3 a5 8. Be2 a4 9.
O-O Nge7 10. Bf4 Ng6 11. Bg3 Be7 12. Qd2 Na5 13. Bd1 b5 14. Re1 Bb7 15. Ng5 h6
16. Nf3 O-O-O 17. Qe3 Rdg8 18. Nbd2 Nf8 19. Bh4 g5 20. Bg3 h5 21. h4 g4 22. Ng5
Bxg5 23. hxg5 Qe7 24. Bh4 Ng6 25. g3 Qd7 26. f4 Nxh4 27. gxh4 Nc6 28. Bc2 Kc7
29. Kg2 Ne7 30. Kg3 Bc8 31. Qe2 Qc6 32. Nf1 Bd7 33. Ne3 Rc8 34. Qf2 Kb7 35. f5
exf5 36. Nxf5 Nxf5+ 37. Bxf5 Rhf8 38. Re2 Ra8 39. Qe1 Bxf5 40. Kf4 Qg6 41. Qh1
Be4 42. Rxe4 dxe4 43. Qxe4+ Qxe4+ 44. Kxe4 Kc6 45. Rf1 Rae8 46. d5+ Kd7 47. Rf6
Re7 48. g6 Ke8 49. Rb6 fxg6 50. e6 Rxe6+ 51. Rxe6+ Kd7 52. Rxg6 Rf2 53. Rg5
Rxb2 54. Rxh5 Rb3 55. Kd4 Rxa3 56. Rh7+ Kd6 57. Rb7 Ra2 58. Rxb5 g3 59. Rb6+
Kc7 60. Rg6 g2 61. h5 Rd2+ 62. Kxc4 a3 63. h6 a2 64. Rg7+ Kd6 65. Rg6+ Kd7 66.
Rg7+ Kd6 67. Rg6+ Kc7 68. Rg7+ Kb6 69. h7 a1=Q 70. Rg6+ Ka5 71. h8=Q Qa2+ 72.
Kc5 Qxd5# 0-1

[Event "Frankfurt Ch 2011"]
[Site "Ffm-Kalbach, LAZ"]
[Date "2011.05.09"]
[Round "2.73"]
[White "Bittner, Peter"]
[Black "Zelba, Gianluca"]
[Result "1-0"]
[WhiteElo "1956"]
[BlackElo "1378"]
[PlyCount "37"]
[EventDate "2011.??.??"]
[WhiteTeam "SC 1961 König Nied"]
[BlackTeam "SV Lahn Limburg"]

1. e4 c5 2. c3 Nc6 3. Nf3 d5 4. exd5 Qxd5 5. Be2 Nf6 6. O-O Bf5 7. Na3 a6 8.
Nc4 Qd8 9. d4 cxd4 10. Nxd4 Nxd4 11. cxd4 e6 12. Ne5 Be7 13. Be3 O-O 14. Qb3
Qd5 15. Bc4 Qd6 16. Qxb7 Rfb8 17. Qc6 Rxb2 18. Qxa8+ Rb8 19. Qxa6 1-0

[Event "Frankfurt Ch 2011"]
[Site "Ffm-Kalbach, LAZ"]
[Date "2011.05.09"]
[Round "2.74"]
[White "Winter, Olaf"]
[Black "Urbach, Jens"]
[Result "1-0"]
[WhiteElo "1675"]
[BlackElo "1127"]
[PlyCount "67"]
[EventDate "2011.??.??"]
[WhiteTeam "SK Bickenbach"]
[BlackTeam "Sfr. Frankfurt 1921"]

1. c4 Nf6 2. Nc3 c5 3. g3 g6 4. Bg2 Bg7 5. e3 Nc6 6. a3 O-O 7. Nge2 d6 8. O-O
Rb8 9. b3 Be6 10. d4 cxd4 11. exd4 d5 12. Bf4 Ra8 13. c5 Bf5 14. h3 Ne4 15. Rc1
e5 16. dxe5 Nxc3 17. Nxc3 d4 18. Nb5 Bxe5 19. Bxe5 Nxe5 20. Bxb7 Rb8 21. Nd6
Bxh3 22. Bg2 Bxg2 23. Kxg2 d3 24. f4 Nc6 25. Qxd3 Qf6 26. b4 Qd4 27. Rcd1 Qxd3
28. Rxd3 a5 29. b5 Nd8 30. c6 Ne6 31. Rb1 Rfd8 32. b6 Kf8 33. c7 Nxc7 34. bxc7
1-0